000 00571nam a2200181Ia 4500
008 090630s9999 xx 000 0 und d
082 _b25950
100 _aकर्णिक मधु मंगेश.
245 _aतहान.
_cकर्णिक मधु मंगेश.
260 _bयशोदा.
_c2006
300 _a159
600 _aकर्णिक मधु मंगेश.
630 _aतहान.
655 _aलघुकथा.
700 _aकर्णिक मधु मंगेश.
730 _aतहान.
942 _cBOOK
999 _c277806
_d277806